000 00533nam a2200181Ia 4500
008 240925s9999 xx 000 0 und d
020 _a9788126554270
082 _a005.43 SIL
100 _aSilberschatz, Abraham ; Galvin, Peter B.; Gagne, Gerg
245 0 _aOperating system concepts
250 _a9th
260 _aNew Delhi:
_bJohn Wiley and Sons
_c,2016.
300 _a278p.
_b0
_fOriginal
500 _aIncludes Index
600 _aComputer Science
650 _aComputer science, information & general works
942 _cBK
999 _c17630
_d17630